আধুনিক বর্গীকরণ / (Record no. 10329)
[ view plain ]
| 000 -LEADER | |
|---|---|
| fixed length control field | 00777nam a2200229 a 4500 |
| 001 - CONTROL NUMBER | |
| JCCL Control Number | 10329 |
| 003 - CONTROL NUMBER IDENTIFIER | |
| JCCL marc code | BD-JhCC |
| 005 - DATE AND TIME OF LATEST TRANSACTION | |
| control field | 20180424092143.0 |
| 008 - FIXED-LENGTH DATA ELEMENTS--GENERAL INFORMATION | |
| fixed length control field | 180424s1996 bg |||| |||| 000 0 mul d |
| 020 ## - INTERNATIONAL STANDARD BOOK NUMBER | |
| International Standard Book Number | 9841104189 |
| 035 ## - SYSTEM CONTROL NUMBER | |
| system control number | (BD-JhCC)10329 |
| 040 ## - CATALOGING SOURCE | |
| Original cataloging agency | BD-JhCC |
| Modifying agency | BD-JhCC |
| 041 ## - LANGUAGE CODE | |
| Language code of Book | ben & eng |
| 082 ## - DEWEY DECIMAL CLASSIFICATION NUMBER | |
| Classification number | 025.431 |
| Author mark and Year | ALI 1996 |
| 100 ## - MAIN ENTRY--PERSONAL NAME | |
| Personal name | আলী, মোহাম্মদ সা’দাত |
| 245 ## - TITLE STATEMENT | |
| Title | আধুনিক বর্গীকরণ / |
| Statement of responsibility, etc | মোহাম্মদ সা’দাত আলী |
| 260 ## - PUBLICATION, DISTRIBUTION, ETC. (IMPRINT) | |
| Place of publication, distribution, etc | ঢাকা : |
| Name of publisher, distributor, etc | আহমদ পাবলিশিং হাউস, |
| Date of publication, distribution, etc | ১৯৯৬. |
| 300 ## - PHYSICAL DESCRIPTION | |
| Pagination | ১১২ পৃ. : |
| Dimensions | ২০ সেমি. |
| 504 ## - BIBLIOGRAPHY, ETC. NOTE | |
| Bibliography, etc | Includes Bibliography |
| 650 ## - SUBJECT ADDED ENTRY--TOPICAL TERM | |
| Topical term or geographic name as entry element | Library Classification |
| 942 ## - ADDED ENTRY ELEMENTS (KOHA) | |
| Source of classification or shelving scheme | Dewey Decimal Classification |
| Koha item type | Reference |
| Source of classification or shelving scheme | Damaged status | Not for loan | Home library | Current library | Shelving location | Date of accession | Cost, normal purchase price | Total Checkouts | Full call number | Barcode | Date last seen | Copy number | Koha item type |
|---|---|---|---|---|---|---|---|---|---|---|---|---|---|
| Dewey Decimal Classification | JCC Rouf Library | JCC Rouf Library | General Stacks | 04/24/2018 | 70.00 | 025.431 ALI 1996 | 13552 | 04/24/2018 | C-1 | Reference |